Rhetorik für den Beruf
V novembri 2015 privítala Fakulta aplikovaných jazykov Ekonomickej univerzity v Bratislave hosťa z Talianska, profesorku Ulrike Kaunzner z talianskej univerzity vo Ferrare. Témou prednášky bola rétorika, verbálna komunikácia a slovotvorba nemeckého jazyka.
Gespeichert in:
| 1. Verfasser: | |
|---|---|
| Format: | Buchkapitel |
| Sprache: | Deutsch |
| Schlagworte: | |
| Tags: |
Keine Tags, Fügen Sie das erste Tag hinzu!
|
MARC
| LEADER | 00000naa a2200000 4500 | ||
|---|---|---|---|
| 001 | 0224123 | ||
| 005 | 20240502083557.7 | ||
| 041 | 0 | |a ger | |
| 044 | |a DE | ||
| 245 | 1 | 0 | |a Rhetorik für den Beruf |c Lívia Adamcová |
| 520 | |a V novembri 2015 privítala Fakulta aplikovaných jazykov Ekonomickej univerzity v Bratislave hosťa z Talianska, profesorku Ulrike Kaunzner z talianskej univerzity vo Ferrare. Témou prednášky bola rétorika, verbálna komunikácia a slovotvorba nemeckého jazyka. | ||
| 610 | 2 | 0 | |a jazyky cudzie |
| 610 | 2 | 0 | |a nemčina |
| 610 | 2 | 0 | |a gramatika |
| 610 | 2 | 0 | |a rétorika |
| 610 | 2 | 0 | |a štylistika |
| 610 | 2 | 0 | |a zásoba slovná |
| 610 | 2 | 0 | |a slovotvorba |
| 610 | 2 | 0 | |a komunikácia verbálna |
| 100 | 1 | |a Adamcová, Lívia | |